Los niños de la guerra ya somos viejos / (Record no. 13254)

MARC details
000 -LEADER
campo de control de longitud fija 00637nam a2200205 i 4500
001 - NÚMERO DE CONTROL
campo de control 13254
003 - IDENTIFICADOR DE NÚMERO DE CONTROL
campo de control ES-MaACL
005 - FECHA Y HORA DE LA ÚLTIMA TRANSACCIÓN
campo de control 20230906150532.0
007 - CAMPO FIJO DE DESCRIPCIÓN FÍSICA--INFORMACIÓN GENERAL
campo de control de longitud fija t|
008 - DATOS DE LONGITUD FIJA--INFORMACIÓN GENERAL
campo de control de longitud fija 940811s1994 sp |||| |bspa d
020 ## - NÚMERO INTERNACIONAL ESTÁNDAR DEL LIBRO
Número Internacional Estándar del Libro 84-7209-271-2
080 ## - NÚMERO DE LA CLASIFICACIÓN DECIMAL UNIVERSAL
Número de la Clasificación Decimal Universal 929 Jiménez Blanco, Antonio
100 1# - ENTRADA PRINCIPAL--NOMBRE DE PERSONA
Nombre de persona Jiménez Blanco, Antonio.
9 (RLIN) 66465
245 14 - MENCIÓN DEL TÍTULO
Título Los niños de la guerra ya somos viejos /
Mención de responsabilidad, etc. Antonio Jiménez Blanco ; prólogo de Emilio Attard.
260 ## - PUBLICACIÓN, DISTRIBUCIÓN, ETC.
Lugar de publicación, distribución, etc. Madrid :
Nombre del editor, distribuidor, etc. Unión Editorial,
Fecha de publicación, distribución, etc. [1994]
300 ## - DESCRIPCIÓN FÍSICA
Extensión 425 p ;
Dimensiones 24 cm.
600 14 - PUNTO DE ACCESO ADICIONAL DE MATERIA--NOMBRE DE PERSONA
Nombre de persona Jiménez Blanco, Antonio.
9 (RLIN) 66465
700 1# - ENTRADA AGREGADA--NOMBRE PERSONAL
Nombre de persona Attard, Emilio.
9 (RLIN) 23769
852 ## - LOCALIZACIÓN
Ubicación ES-MaACL
Número de control de estantería L-20605
Holdings
Estatus retirado Estado de pérdida Estado de daño No para préstamo Biblioteca de origen Biblioteca actual Ubicación en estantería Fecha de adquisición Fuente de adquisición Total de préstamos Signatura topográfica completa Código de barras Visto por última vez Precio de reemplazo Tipo de ítem Koha
        Biblioteca del Ateneo de Madrid Biblioteca del Ateneo de Madrid Depósito 2 17/01/2008     L-20605 1013496 23/02/2023 23/02/2023 Libro impreso